|
|
|
|
| LEADER |
00000ny a22000003n 4500 |
| 003 |
CaPaEBR |
| 005 |
20110622131414.0 |
| 006 |
m u |
| 007 |
cr cn||||||||| |
| 008 |
081002s2007 sp 000 0 eng d |
| 020 |
|
|
|a 9788498490688
|
| 035 |
|
|
|a 2321
|
| 040 |
|
|
|a FlNmELB
|c FlNmELB
|d vlex
|
| 050 |
1 |
4 |
|a K235
|b R788 2007eb
|
| 080 |
|
|
|a 340.114
|
| 090 |
|
|
|c 1230
|d 1230
|
| 245 |
0 |
0 |
|a Modelos europeos de justicia contencioso-administrativa
|h [Recurso electrn̤ico]
|c Coordinado por Santiago Rosado Pacheco
|
| 256 |
|
|
|a Servicio en ln̕ea
|
| 260 |
|
|
|a Madrid :
|b Dykinson,
|c 2007
|
| 300 |
|
|
|a 6-269 p. ;
|c cm
|
| 506 |
1 |
|
|a Contenido solo disponible en los productos indicados
|d vLex Global
|d vLex Global (Academic Edition, excluding Law Schools)
|d vLex Global (U.S. Academic Edition, Law Schools)
|d vLex Global (U.S. Academic Edition, excluding Law Schools)
|d vLex Global (Academic Edition, Law Schools)
|
| 650 |
0 |
4 |
|a Derecho administrativo
|z Europa
|
| 700 |
1 |
|
|a Rosado Pacheco, Santiago,
|e coord.
|
| 740 |
0 |
|
|a vLex Libros (Servicios en ln̕ea)
|
| 856 |
|
|
|z Acceso restringido
|u http://vlex.com/source/modelos-europeos-justicia-contencioso-administrativa-2321
|
| 942 |
|
|
|c BOOK
|